Chemistry (Record no. 183294)
[ view plain ]
| 000 -LEADER | |
|---|---|
| fixed length control field | 01184 a2200169 4500 |
| 003 - CONTROL NUMBER IDENTIFIER | |
| control field | Nust |
| 005 - DATE AND TIME OF LATEST TRANSACTION | |
| control field | 20221011151822.0 |
| 040 ## - CATALOGING SOURCE | |
| Transcribing agency | Nust |
| 082 ## - DEWEY DECIMAL CLASSIFICATION NUMBER | |
| Classification number | 540,CAL |
| 100 ## - MAIN ENTRY--PERSONAL NAME | |
| Personal name | Caldwell,William |
| 9 (RLIN) | 99920 |
| 245 ## - TITLE STATEMENT | |
| Title | Chemistry |
| Statement of responsibility, etc. | William E Caldwell |
| 250 ## - EDITION STATEMENT | |
| Edition statement | Vol: 1 |
| 260 ## - PUBLICATION, DISTRIBUTION, ETC. | |
| Name of publisher, distributor, etc. | Cliffs Notes |
| 300 ## - PHYSICAL DESCRIPTION | |
| Extent | 110:p |
| 505 ## - FORMATTED CONTENTS NOTE | |
| Formatted contents note | Introduction To The Science Of Chemistry (Page-1), Laws Of Chemical Change (Page-5), Atoms And Substomic Particles (Page-9), The Structure And Behavior Of Atoms 1 (Page-13), The Structure And Behavior Of Atoms 2 (Page-17), Periodic Classification Of Elements (Page-21), Valence And Oxidation Number , Chemical Bond (Page-25), Formulas And Elementary Equations (Page-29), Compounds (Page-33), The Liquid State And Water (Page-37), The Gaseous State (Page-41), The Solid State (Page-45), The Colloidal State (Page-49), Solutions (Page-53), The Ionization Theory (Page-57), Ionic Equilibria (Page-61), Weight And Volume Relations (Page-65), Reactions Rates And Chemical Equilibrium (Page-69), Oxidation And Reduction (Page-73), Electrochemistry (Page-77), Radioactivity And Stable Atomic Nuclei (Page-81), Nuclear Chemistry (Page-89). |
| 942 ## - ADDED ENTRY ELEMENTS (KOHA) | |
| Source of classification or shelving scheme | |
| Koha item type | Book |
| Withdrawn status | Lost status | Source of classification or shelving scheme | Damaged status | Not for loan | Permanent Location | Current Location | Shelving location | Date acquired | Full call number | Barcode | Date last seen | Price effective from | Koha item type | Public note |
|---|---|---|---|---|---|---|---|---|---|---|---|---|---|---|
| Military College of Signals (MCS) | Military College of Signals (MCS) | General Stacks | 12/12/2016 | 540,CAL | MCS21240 | 12/08/2016 | 12/12/2016 | Book | Almirah No.25, Shelf No.1 |
